000 00279nam a22001217a 4500
008 170411b xxu||||| |||| 00| 0 eng d
041 _aeng
080 _27 ED
_a61/8
100 _a10
101 _aSHM
245 _aAVERY DISEASES OF THE NEWBORN
_cTAEUSCH.H.W
942 _2udc
_cBK
999 _c10427
_d10427